000 00510nam a22001937a 4500
003 LK-CoMWRAF
005 20231122115210.0
008 231122b |||||||| |||| 00| 0 eng d
020 _a8178980089
040 _aLK-CoMWRAF
_dLK-CoMWRAF
_eLK-CoMWRAF
041 _aeng
082 _a823
_bKHA
100 _aKhan, Saniyasnain
245 _aThe Travels of the Prophet Ibrahim :
_bQuran stories for little hearts
260 _bGoodword books,
_c2005
300 _a24p
650 _aChild Stories
942 _cBK
999 _c4209
_d4209